UBT Library

Strategic marketing / (Record no. 39625)

000 -LEADER
fixed length control field 00734cam a22002414a 4500
001 - CONTROL NUMBER
control field 13753751
005 - DATE AND TIME OF LATEST TRANSACTION
control field 20180103044251.0
008 - FIXED-LENGTH DATA ELEMENTS--GENERAL INFORMATION
fixed length control field 041018s2006 maua b 001 0 eng
010 ## - LIBRARY OF CONGRESS CONTROL NUMBER
LC control number 2004061068
020 ## - INTERNATIONAL STANDARD BOOK NUMBER
International Standard Book Number 0072966343 (alk. paper)
040 ## - CATALOGING SOURCE
Original cataloging agency DLC
Transcribing agency DLC
Modifying agency DLC
041 ## - LANGUAGE CODE
Language code of text/sound track or separate title eng
042 ## - AUTHENTICATION CODE
Authentication code pcc
080 ## - UNIVERSAL DECIMAL CLASSIFICATION NUMBER
Universal Decimal Classification number 658.802 CRA
082 00 - DEWEY DECIMAL CLASSIFICATION NUMBER
Classification number 658.802 CRA
Edition number 22
100 1# - Rafti
Rafti 60
101 ## - Shkurtesa
Shkurtesa MAR
245 10 - TITLE STATEMENT
Title Strategic marketing /
Statement of responsibility, etc David W. Cravens, Nigel F. Piercy.
504 ## - BIBLIOGRAPHY, ETC. NOTE
Bibliography, etc Includes bibliographical references and indexes.
906 ## - LOCAL DATA ELEMENT F, LDF (RLIN)
a 7
b cbc
c orignew
d 1
e ocip
f 20
g y-gencatlg
942 ## - ADDED ENTRY ELEMENTS (KOHA)
Source of classification or shelving scheme
Item type Books
Holdings
Withdrawn status Lost status Source of classification or shelving scheme Damaged status Not for loan Collection code Permanent location Current location Shelving location Date acquired Total Checkouts Full call number Barcode Date last seen Price effective from Koha item type
          Koleksioni i përgjithshem UBT - Lipjan UBT - Lipjan Koleksioni i përgjithshem 01/03/2018   658.802 CRA 002-2994066 01/03/2018 01/03/2018 Books
UBT Library © 2015-2024. All rights reserved University Education for Business and Technology